Catholic University of Zimbabwe Library
Online Public Access Catalogue
(OPAC)

Speaking of Diversity (Record no. 25683)

MARC details
000 -LEADER
fixed length control field 04886cam a22007814a 4500
001 - CONTROL NUMBER
control field muse78485
003 - CONTROL NUMBER IDENTIFIER
control field MdBmJHUP
005 - DATE AND TIME OF LATEST TRANSACTION
control field 20210127151416.0
006 - FIXED-LENGTH DATA ELEMENTS--ADDITIONAL MATERIAL CHARACTERISTICS
fixed length control field m o d
007 - PHYSICAL DESCRIPTION FIXED FIELD--GENERAL INFORMATION
fixed length control field cr||||||||nn|n
008 - FIXED-LENGTH DATA ELEMENTS--GENERAL INFORMATION
fixed length control field 910920s2019 mdu o 00 0 eng d
010 ## - LIBRARY OF CONGRESS CONTROL NUMBER
Canceled/invalid LC control number 91035706
020 ## - INTERNATIONAL STANDARD BOOK NUMBER
International Standard Book Number 9781421434810
020 ## - INTERNATIONAL STANDARD BOOK NUMBER
Canceled/invalid ISBN 0801842956
020 ## - INTERNATIONAL STANDARD BOOK NUMBER
Canceled/invalid ISBN 9780801842955
020 ## - INTERNATIONAL STANDARD BOOK NUMBER
Canceled/invalid ISBN 9781421434803
035 ## - SYSTEM CONTROL NUMBER
System control number (OCoLC)1122708429
040 ## - CATALOGING SOURCE
Original cataloging agency MdBmJHUP
Transcribing agency MdBmJHUP
043 ## - GEOGRAPHIC AREA CODE
Geographic area code n-us---
050 04 - LIBRARY OF CONGRESS CALL NUMBER
Classification number E184.A1
Item number G563 1992
082 0# - DEWEY DECIMAL CLASSIFICATION NUMBER
Classification number 305.8/00973/09045
Edition number 20
100 1# - MAIN ENTRY--PERSONAL NAME
Personal name Gleason, Philip,
Dates associated with a name 1927-,
Relator term author
245 10 - TITLE STATEMENT
Title Speaking of Diversity
Remainder of title Language and Ethnicity in Twentieth-Century America /
Statement of responsibility, etc. Philip Gleason.
300 ## - PHYSICAL DESCRIPTION
Extent 1 online resource (1 online resource xiii, 314 pages)
500 ## - GENERAL NOTE
General note Originally published in 1992
504 ## - BIBLIOGRAPHY, ETC. NOTE
Bibliography, etc. note Includes bibliographical references and index.
505 00 - FORMATTED CONTENTS NOTE
Title Introduction --
Miscellaneous information part 1
Title Coming to Terms with Ethnicity --
Miscellaneous information 1
Title The Melting Pot: Symbol of Fusion or Confusion?
Miscellaneous information (starting pages 3) --
-- 2
Title Confusion Compounded: A Melting Pot Update
Miscellaneous information (starting pages 32) --
-- 3
Title The Odd Couple: Pluralism and Assimilation
Miscellaneous information (starting pages 47) --
-- 4
Title Minorities (Almost) All
Miscellaneous information (starting pages 91) --
-- 5
Title Identifying Identity: A Semantic History
Miscellaneous information (starting pages 123) --
-- part 2
Title World War II and American Identity --
Miscellaneous information 6
Title Americans All
Miscellaneous information (starting pages 153) --
-- 7
Title The Study of American Culture
Miscellaneous information (starting pages 188) --
-- 8
Title Pluralism, Democracy, and Catholicism: Religious Tensions
Miscellaneous information (starting pages 207) --
-- part 3
Title Religion and American Diversity --
Miscellaneous information 9
Title Hansen, Herberg, and American Religion
Miscellaneous information (starting pages 231) --
-- 10
Title Immigration, Religion, and Civil Religion
Miscellaneous information (starting pages 250) --
-- 11
Title "Americanism" in American Catholic Discourse
Miscellaneous information (starting pages 272) --
Title Index
Miscellaneous information (starting pages 301)
506 0# - RESTRICTIONS ON ACCESS NOTE
Terms governing access Open Access
Standardized terminology for access restriction Unrestricted online access
Source of term star
520 1# - SUMMARY, ETC.
Summary, etc. "In recent years U.S. social history has taken dramatic strides in studies of race, gender, and ethnicity. Among historians of American ethnic groups, Philip Gleason has played a leading role in that development. His essays analyzing the terms of public and scholarly discourse--mapping the changing conceptions of American identity during the past half century--make a distinctive contribution to intellectual history." "Speaking of Diversity collects eleven of Gleason's seminal essays, each of them examining twentieth-century American thought on ethnic and religious diversity. Part 1 focuses specifically on linguistic and conceptual analysis, treating terms such as melting-pot, pluralism, identity, and minority. Part 2 explores the impact of World War II on American thinking about diversity, tolerance, and intergroup relations. Part 3 consists of essays on religion, all closely tied to themes in earlier essays. Together, they form a model of methodological and thematic unity. The essays also clear the ground as Americans continue their efforts to realize the stated goals of tolerance, diversity, and order."--Jacket.
588 ## - SOURCE OF DESCRIPTION NOTE
Source of description note Description based on print version record.
650 #0 - SUBJECT ADDED ENTRY--TOPICAL TERM
Topical term or geographic name entry element Religion.
Source of heading or term fast
Authority record control number or standard number (OCoLC)fst01093763
650 #0 - SUBJECT ADDED ENTRY--TOPICAL TERM
Topical term or geographic name entry element Minorities.
Source of heading or term fast
Authority record control number or standard number (OCoLC)fst01023088
650 #0 - SUBJECT ADDED ENTRY--TOPICAL TERM
Topical term or geographic name entry element Ethnicity.
Source of heading or term fast
Authority record control number or standard number (OCoLC)fst00916034
650 #0 - SUBJECT ADDED ENTRY--TOPICAL TERM
Topical term or geographic name entry element Ethnic relations.
Source of heading or term fast
Authority record control number or standard number (OCoLC)fst00916005
650 #0 - SUBJECT ADDED ENTRY--TOPICAL TERM
Topical term or geographic name entry element Catholics.
Source of heading or term fast
Authority record control number or standard number (OCoLC)fst00849297
650 #0 - SUBJECT ADDED ENTRY--TOPICAL TERM
Topical term or geographic name entry element Catholiques
Geographic subdivision États-Unis.
650 #0 - SUBJECT ADDED ENTRY--TOPICAL TERM
Topical term or geographic name entry element Minorites
Geographic subdivision États-Unis.
650 #0 - SUBJECT ADDED ENTRY--TOPICAL TERM
Topical term or geographic name entry element Ethnicite
Geographic subdivision États-Unis.
650 20 - SUBJECT ADDED ENTRY--TOPICAL TERM
Topical term or geographic name entry element Race Relations.
Authority record control number or standard number (DNLM)D011822
650 20 - SUBJECT ADDED ENTRY--TOPICAL TERM
Topical term or geographic name entry element Prejudice.
Authority record control number or standard number (DNLM)D011287
650 20 - SUBJECT ADDED ENTRY--TOPICAL TERM
Topical term or geographic name entry element Religion.
Authority record control number or standard number (DNLM)D012067
650 10 - SUBJECT ADDED ENTRY--TOPICAL TERM
Topical term or geographic name entry element Minority Groups.
Authority record control number or standard number (DNLM)D008913
650 10 - SUBJECT ADDED ENTRY--TOPICAL TERM
Topical term or geographic name entry element Ethnic Groups.
Authority record control number or standard number (DNLM)D005006
650 10 - SUBJECT ADDED ENTRY--TOPICAL TERM
Topical term or geographic name entry element Cultural Diversity.
Authority record control number or standard number (DNLM)D018864
650 #0 - SUBJECT ADDED ENTRY--TOPICAL TERM
Topical term or geographic name entry element Catholics
Geographic subdivision United States.
650 #0 - SUBJECT ADDED ENTRY--TOPICAL TERM
Topical term or geographic name entry element Minorities
Geographic subdivision United States.
650 #0 - SUBJECT ADDED ENTRY--TOPICAL TERM
Topical term or geographic name entry element Ethnicity
Geographic subdivision United States.
651 #0 - SUBJECT ADDED ENTRY--GEOGRAPHIC NAME
Geographic name United States.
Source of heading or term fast
Authority record control number or standard number (OCoLC)fst01204155
651 #0 - SUBJECT ADDED ENTRY--GEOGRAPHIC NAME
Geographic name États-Unis
General subdivision Relations interethniques.
651 #0 - SUBJECT ADDED ENTRY--GEOGRAPHIC NAME
Geographic name États-Unis
General subdivision Religion.
651 #0 - SUBJECT ADDED ENTRY--GEOGRAPHIC NAME
Geographic name United States.
Authority record control number or standard number (DNLM)D014481
651 #0 - SUBJECT ADDED ENTRY--GEOGRAPHIC NAME
Geographic name United States
General subdivision Religion.
651 #0 - SUBJECT ADDED ENTRY--GEOGRAPHIC NAME
Geographic name United States
General subdivision Ethnic relations.
653 0# - INDEX TERM--UNCONTROLLED
Uncontrolled term United States
653 0# - INDEX TERM--UNCONTROLLED
Uncontrolled term Ethnic groups
655 #0 - INDEX TERM--GENRE/FORM
Genre/form data or focus term Electronic books.
Source of term lcgft
655 #0 - INDEX TERM--GENRE/FORM
Genre/form data or focus term Essays.
Authority record control number (DNLM)D020474
655 #7 - INDEX TERM--GENRE/FORM
Genre/form data or focus term Electronic books.
Source of term local
710 2# - ADDED ENTRY--CORPORATE NAME
Corporate name or jurisdiction name as entry element Project Muse.
Relator term distributor
776 18 - ADDITIONAL PHYSICAL FORM ENTRY
Relationship information Online version:
Title Speaking of diversity.
Place, publisher, and date of publication Baltimore : Johns Hopkins University Press, 1992
Record control number (OCoLC)555587038
710 2# - ADDED ENTRY--CORPORATE NAME
Corporate name or jurisdiction name as entry element Project Muse.
Relator term distributor
830 #0 - SERIES ADDED ENTRY--UNIFORM TITLE
Uniform title Book collections on Project MUSE.
830 #0 - SERIES ADDED ENTRY--UNIFORM TITLE
Uniform title Book collections on Project MUSE.
856 40 - ELECTRONIC LOCATION AND ACCESS
Public note Full text available:
Uniform Resource Identifier <a href="https://muse.jhu.edu/book/68469/">https://muse.jhu.edu/book/68469/</a>
Holdings
Withdrawn status Lost status Source of classification or shelving scheme Damaged status Not for loan Home library Current library Shelving location Date acquired Total Checkouts Full call number Date last seen Uniform Resource Identifier Price effective from Koha item type
          Digital Library Digital Library Online Access 27.01.2021   E184.A1 G563 1992 27.01.2021 https://muse.jhu.edu/book/68469/ 27.01.2021 eBook

OPENING HOURS

Weekdays: 0815hrs - 1800hrs
Weekends:0900hrs - 1200hrs

Closed for Mass:

Mon, Thur: 1200hrs - 1300hrs
Sunday & Public Holiday’s

CALL SUPPORT

0242-570570, 0242-570169
09200664, +263 8644140602

LOCATION

18443, Cranborne Avenue, Hatfield, Harare

Other Links


©2021 | CUZ Library